| 000 | 01073 a2200241 4500 | ||
|---|---|---|---|
| 999 |
_c5067 _d5067 |
||
| 020 | _a0471855472 | ||
| 050 | 0 | 0 | _aQA 276.8 STA 1990 |
| 100 | 1 |
_aStaudte, Robert G. _eauthor |
|
| 245 | 1 | 0 |
_aRobust estimation and testing / _cRobert G. Staudte, & Simon J. Sheather. |
| 264 |
_aNew york : _bJohn Wiley & sons _c1990 |
||
| 300 |
_axix, 351 p. ; _bill. |
||
| 440 | 0 | _aWiley series in probability and mathematical statistics. | |
| 500 | _a"A Wiley-Interscience publication." | ||
| 500 | _aSystem requirements for computer disk (Minitab macros): PC; DOS. | ||
| 504 | _aIncludes bibliographical references and indexes. | ||
| 650 | 0 | _aEstimation theory. | |
| 650 | 0 | _aRobust statistics. | |
| 700 | 1 |
_aSheather, Simon J. _eauthor |
|
| 856 | 4 | 2 |
_3Publisher description _uhttp://www.loc.gov/catdir/description/wiley034/89036770.html |
| 856 | 4 |
_3Table of Contents _uhttp://www.loc.gov/catdir/toc/onix05/89036770.html |
|
| 942 |
_2lcc _cBK _h276.8 _iSTA _kQA |
||